| 000 | 00464nam a2200157 i 4500 | ||
|---|---|---|---|
| 001 | 84864 | ||
| 003 | ES-MaACL | ||
| 005 | 20230906175127.0 | ||
| 007 | t| | ||
| 008 | 041124s1926 fr ||||1| fre d | ||
| 100 | 1 |
_aJoleaud, L. _966792 |
|
| 245 | 1 | 3 |
_aLe Pètrole dans l'Afrique du Nord / _cL. Joleaud. |
| 260 |
_aParis : _b[s.n., _c1926] ( _ePre-San-Gervais : _fImp. de la Revue Petrolifere) |
||
| 300 |
_a191 p. ; _c25 cm. |
||
| 852 |
_aES-MaACL _jA-4812 _bR.16764 |
||
| 999 |
_c84864 _d84864 |
||